000 00302nam a2200097Ia 4500
001 1058721
005 20250827001444.0
008 250824s9999 xx 000 0 und d
245 0 _aNASRETTİN HOCA DİZİSİ KAVUK ÇOCUKLAŞTI
_cHASAN YİĞİT
260 _bNARÇİÇEĞİ YAYINCILIK VE TAŞIMACILIK A.Ş.
999 _c1058721
_d1058721